000
00251nam a2200097Ia 4500
082
_a
636.39 BEL
245
0
_a
Little indiscretions
100
_a
Posadas, Carmen. London, 2003
_9
78733
942
_c
BK
008
210817s9999 xx 000 0 und d
999
_c
272618
_d
272617